000 00276nam a22001337a 4500
008 181107b xxu||||| |||| 00| 0 eng d
020 _a9780131703681
041 _aeng
080 _a371
100 _a46
101 _aEDU
245 _aSuccess
_cCarter, C
942 _2udc
_cBK
999 _c52176
_d52176